3D laser scanning for heritage (Record no. 108650)
[ view plain ]
| 000 -LEADER | |
|---|---|
| fixed length control field | 02134cam a22003015a 4500 |
| 001 - CONTROL NUMBER | |
| control field | L144896 |
| 008 - FIXED-LENGTH DATA ELEMENTS--GENERAL INFORMATION | |
| fixed length control field | 080818s2007 xxkabdof 000 0 eng d |
| 035 ## - SYSTEM CONTROL NUMBER | |
| System control number | (Sirsi) u144896 |
| 041 0# - LANGUAGE CODE | |
| Language code of text/sound track or separate title | eng |
| 050 04 - LIBRARY OF CONGRESS CALL NUMBER | |
| Classification number | 526.9 $2 18 |
| 100 1# - MAIN ENTRY--PERSONAL NAME | |
| Personal name | Barber, David |
| 245 00 - TITLE STATEMENT | |
| Title | 3D laser scanning for heritage |
| Remainder of title | advice and guidance to users on laser scanning in archaeology and architecture |
| 260 ## - PUBLICATION, DISTRIBUTION, ETC. | |
| Place of publication, distribution, etc. | Swindon |
| Name of publisher, distributor, etc. | English Heritage |
| Date of publication, distribution, etc. | 2007 |
| 300 ## - PHYSICAL DESCRIPTION | |
| Extent | 43p. |
| Other physical details | ill. |
| Dimensions | 30cm. |
| 505 2# - FORMATTED CONTENTS NOTE | |
| Formatted contents note | Introduction: aims; the Heritage3D project; three-dimensional recording; questions laser scanning can help to answer; tasks appropriate for laser scanning; what laser scanning cannot provide |
| 505 2# - FORMATTED CONTENTS NOTE | |
| Formatted contents note | How does laser scanning work?: instrumentation and hardware; software; computer hardware |
| 505 2# - FORMATTED CONTENTS NOTE | |
| Formatted contents note | Commissioning survey: knowing what you want; determining appropriate point density; finding a contractor; laser safety; archived data sources |
| 505 2# - FORMATTED CONTENTS NOTE | |
| Formatted contents note | From point cloud to useful information: typical workflows; cloud alignment/registration; modelling; analysis |
| 505 2# - FORMATTED CONTENTS NOTE | |
| Formatted contents note | Managing data: reprocessing data; data formats and archiving; metadata |
| 505 2# - FORMATTED CONTENTS NOTE | |
| Formatted contents note | Helping you to decide: what outputs are wanted?; how big is the subject?; what level of accuracy is required?; what resolution of measurement?; does the survey need to be referenced?; time and access restrictions?; is three-dimensional information required?; budget; can you do this yourself?; what are the alternatives? |
| 505 2# - FORMATTED CONTENTS NOTE | |
| Formatted contents note | Where to find out more: charters and guidance; organiations; books; journals and conference proceedings; websites; training -- Glossary -- Case study summaries -- Case study contributions |
| 520 ## - SUMMARY, ETC. | |
| Summary, etc. | Guidance has been published with the intention of aiding readers to use laser scanning successfully within projects. Also provides information on other surveying techniques that might provide the same quality of three-dimensional information dependant upon application. |
| 521 ## - TARGET AUDIENCE NOTE | |
| Target audience note | Advanced |
| 651 #4 - SUBJECT ADDED ENTRY--GEOGRAPHIC NAME | |
| Geographic name | United Kingdom |
| Chronological subdivision | |
| 690 ## - LOCAL SUBJECT ADDED ENTRY--TOPICAL TERM (OCLC, RLIN) | |
| Topical term or geographic name as entry element | ENVIRONMENTAL AND LAND CONSULTANCY-GEOMATICS |
| 710 1# - ADDED ENTRY--CORPORATE NAME | |
| Corporate name or jurisdiction name as entry element | English Heritage |
| 9 (RLIN) | 2714 |
| 942 ## - ADDED ENTRY ELEMENTS (KOHA) | |
| Suppress in OPAC | 0 |
| Withdrawn status | Lost status | Source of classification or shelving scheme | Damaged status | Not for loan | Home library | Current library | Shelving location | Date acquired | Total Checkouts | Full call number | Barcode | Date last seen | Copy number | Price effective from | Koha item type |
|---|---|---|---|---|---|---|---|---|---|---|---|---|---|---|---|
| Dewey Decimal Classification | London | London | Basement | 18/08/2008 | BASEMENT | 30071247 | 06/08/2019 | 1 | 06/08/2019 | Book | |||||
| Dewey Decimal Classification | London | London | Folio | 07/11/2023 | F526.9 | 07/11/2023 | 2 | 07/11/2023 | Book |